|
|
|
|
| LEADER |
00598cam a2200193 7i4500 |
| 001 |
0000003856 |
| 005 |
20170218090000.0 |
| 020 |
|
|
|a 0324007310 (hbk.)
|
| 020 |
|
|
|a 9780324007312
|
| 090 |
0 |
0 |
|a HF5635
|b .N55 2000
|
| 100 |
1 |
|
|a Nikolai, Loren A
|
| 245 |
1 |
0 |
|a Intermediate accounting
|c Loren A. Nikolai, John D. Bazley.
|
| 250 |
|
|
|a 8th ed.
|
| 260 |
|
|
|a London:
|b South-Western College Pub.,
|c 2000.
|
| 300 |
|
|
|a xxii, 1097 p.:
|b ill.;
|c 29cm..
|
| 650 |
0 |
0 |
|a Accounting
|
| 700 |
1 |
|
|a Bazley, John D
|
| 997 |
|
|
|a Business & Accountancy, Faculty
|
| 999 |
|
|
|a 0000004973
|b BOK
|c OPEN SHELF
|e 1st Floor, Shah Alam
|